000 00412nam a2200181Ia 4500
001 473
005 20260306140520.0
008 260306t2015||||xx |||||||||||||| ||spa||
041 _aESP
082 _a121
_bLL724
100 _aLlano, Alejandro
_eAUT
245 0 _aTeoría del conocimiento
260 _c2015
300 _a278 páginas :
_c21 cm.
650 _aGEN
654 _aCHU
942 _cLIB
_dJUS
_fJUS
_2ddc
_n
999 _c473
_d473